000 00860nam0a22002651 4500
001 v19\rc\1680105
005 20250619020326.0
035 _a(NLR Aleph) 004786092
090 _a4691667
_c4691667
100 _a20061002d1895 |||y0rusy50 ca
101 0 _arus
102 _aRU
105 _ay z |||||
200 1 _aУсовершенствованный самоучитель скорописи по системе Иванина
_fСост. С. Леви
210 _aВильна
_cтипо-лит. М.А. Дворжец
_dценз. 1895
215 _a[2], 25 с.
_d22
309 _aНаписано от руки. Литогр.
700 1 _aЛеви
_bС.
_4220
801 0 _aRU
_bNLR
_gpsbo
801 0 _aRU
_bRuMoRGB
_2psbo
801 1 _aRU
_bProSoft-M
_2rusmarc
852 _aNLR
_j18.336.3.269
899 _aRuMoRGB
_jA 212/318
942 _cBOOK
980 _aNB